[Event "Online Olym Disabilities"]
[Site "Tornelo INT"]
[Date "2020.11.25"]
[Round "5.25"]
[White "Ab Rahman, Muhd Ikmal Faiz"]
[Black "Aslanhan, Halis"]
[Result "1-0"]
[WhiteElo "1414"]
[BlackElo "1810"]
[PlyCount "105"]
[EventDate "2020.11.21"]
[EventType "team-swiss (rapid)"]
[EventRounds "7"]
[EventCountry "NET"]
[SourceTitle "CBM 199 Extra"]
[Source "ChessBase"]
[SourceDate "2021.01.31"]
[SourceVersion "1"]
[SourceVersionDate "2021.01.31"]
[SourceQuality "1"]
[WhiteTeam "Malaysia II"]
[BlackTeam "Turkey III"]
[WhiteTeamCountry "MAS"]
[BlackTeamCountry "TUR"]

1. e4 c5 2. Nf3 e6 3. Nc3 a6 4. a4 Qc7 5. d4 cxd4 6. Nxd4 Nf6 7. Bd3 Bc5 8. Be3 Qb6 9. Nce2 Nc6 10. Nxc6 Bxe3 11. fxe3 bxc6 12. Qd2 Qxb2 13. 0-0 Qe5 14. Ng3 0-0 15. Rab1 h5 16. Rf4 g5 17. Rff1 h4 18. Nh1 Nxe4 19. Qe2 Nc5 20. Rf2 Nxd3 21. cxd3 d5 22. d4 Qe4 23. Rbf1 Bd7 24. Rf6 Rab8 25. Nf2 Qh7 26. Ng4 Rb1 27. Rh6 Rxf1+ 28. Qxf1 Qf5 29. Qxf5 exf5 30. Nf6+ Kg7 31. Nxd7 Rd8 32. Rd6 f6 33. Nxf6 Rxd6 34. Ne8+ Kf7 35. Nxd6+ Ke6 36. Nb7 f4 37. exf4 gxf4 38. Nc5+ Kf5 39. Nxa6 Ke4 40. Nb4 Kxd4 41. Nxc6+ Kc5 42. Ne5 Kb4 43. Kf2 Kxa4 44. Kf3 Kb4 45. Kxf4 Kc5 46. Kg4 d4 47. Kxh4 Kd5 48. Nf3 d3 49. Kg5 Ke4 50. h4 Ke3 51. h5 Kf2 52. h6 Kxg2 53. Ne1+ 1-0